000 00467 a2200181 4500
005 20260108100931.0
008 260106b |||||||| |||| 00| 0 eng d
020 _a9789386092847
_cRs. 600.00
040 _aMAIN
082 _a796.01
_bB736S
100 _aBrar, Jaswinder Singh
245 _aSports technology
260 _bKhel Sahitya Kendra
_c2026
_aNew Delhi
300 _a111
650 _aPhysical Education
650 _aSports Technology
942 _cBK
999 _c393708
_d393708